Just Dance 2017 Songs - Statistics

General Stats
  • This quiz has been taken 131 times
  • The average score is 19 of 41
Answer Stats
Artist Song % Correct
DNCE Cake By The Ocean
84%
Justin Bieber Sorry
79%
Major Lazer ft. MØ & DJ Snake Lean On
75%
Fifth Harmony ft. Kid Ink Worth It
74%
Sia ft. Sean Paul Cheap Thrills
72%
Ariana Grande Into You
68%
Silento Watch Me
67%
Shakira ft. Wyclef Jean Hips Don't Lie
66%
DJ Snake ft. Justin Bieber Let Me Love You
66%
will.i.am ft. Britney Spears Scream & Shout
66%
The Weeknd Can't Feel My Face
63%
Beyonce Single Ladies
62%
David Guetta ft. Sia Titanium
58%
Psy ft.Cl of 2NE1 Daddy
57%
Queen Don't Stop Me Now
57%
Maroon 5 Don't Wanna Know
57%
Inna ft. J Balvin Cola Song
43%
Carlos Vives & Shakira La Bicicleta
43%
OneRepublic Wherever I Go
43%
Anitta Bang
41%
Santa Clones Last Christmas
41%
Hatsune Miku Popipo
41%
Equinox Stars September
39%
Era Istrefi Bonbon
38%
Jordan Fisher All About Us
37%
Dederro ft. Elvis Crespo Bailar
37%
Zayn Like I Would
37%
Maluma El Tiki
36%
Halloween Thrills Ghost In The Keys
36%
Ultraclub 90 What Is Love
36%
Dyro & Dannic Radical
34%
Jack & Jack Groove
33%
Aronchupa ft. Little Sis Nora Little Swing
30%
Gigi Rowe Run The Night
30%
O-Zone Dragostea Din Tei
29%
Cheb Salama Leila
29%
Daya Luz Te Dominar
28%
Fast Forward Highway I Love Rock 'N' Roll
25%
Wanko Ni Mero Mero Oishii Oishii
24%
The Frankkie Bostello Orchestra Tico-Tico No Fuba
18%
Latino Sunset Carnival Boom
16%
No matching quizzes found
Score Distribution
Percent of People with Each Score
Percentile by Number Answered
Your Score History
You have not taken this quiz